000 00771nam a2200289Ia 4500
005 20260324132437.0
008 008 260324s9999 xx 000 0 eng d
020 _a9780203591949
037 _aEBOOK
040 _aCRL
040 _beng
040 _cCRL
041 _2eng
041 _aeng
084 _qCRL
100 _aGeoff Hampton; Christopher Rhodes; Michael Stokes
_91189295
245 2 _aA Practical Guide to Mentoring, Coaching and Peer-networking
245 0 _bTeacher Professional Development in Schools and Colleges
260 _bTaylor and Francis
260 _c2004
365 _a
365 _b205
856 _uhttp://www.taylorfrancis.com/books/9780203591949
942 _cEBOOK
999 _c1787427
_d1787427